Manual de oleohidráulica

Na minha lista:
Detalhes bibliográficos
Formato: Livro
Idioma:espanhol
Publicado em: Barcelona Blume 1975
Edição:2a. ed
Assuntos:
Tags: Adicionar Tag
Sem tags, seja o primeiro a adicionar uma tag!

MARC

LEADER 00000nam a2200000 a 4500
001 UCP0890
003 CL-VaPUC
008 990319e19750000SP |||||||||||||||||spa|d
082 0 4 |a 621.252  |b MAN  |2 21 
245 1 0 |a Manual de oleohidráulica 
250 |a 2a. ed 
300 |a 714 p 
942 |c BK 
945 |d 19990319 00:00:00  |a lriquelm 
260 |a Barcelona  |b Blume  |c 1975 
650 7 |a BOMBAS  |2 CL-VaPUC  |9 259418 
650 7 |a OLEOHIDRAULICA  |2 CL-VaPUC  |9 426531 
650 0 |a Hidráulica   |9 260193 
650 0 |a Tuberías  |9 259420 
650 0 |a Válvulas   |9 271523 
583 |a last modification  |c 19990319 00:00:00  |k Rodrigo Vera 
999 |c 279625  |d 279623 
952 |0 0  |1 0  |4 0  |6 621_252000000000000_MAN_1975  |7 0  |8 A  |9 319237  |a BIBMEC  |b BIBMEC  |d 2019-11-20  |i 1328069  |l 1  |o 621.252 MAN 1975  |p 1328069  |r 2024-01-19  |s 2022-11-15  |w 2019-11-20  |y BK  |k MEC